| Tag |
First Indicator |
Second Indicator |
Subfields |
| LEADER |
00000pam a2200000 a 4500 |
| 001 |
in00000081746 |
| 005 |
20151008054135.0 |
| 008 |
810112s1981 nju b 00110 engm |
| 010 |
|
|
|a 80029566
|
| 020 |
|
|
|a 0813509211 :
|c $17.50
|
| 020 |
|
|
|a 0813509467 (pbk.) :
|c $17.50
|
| 035 |
|
|
|a (OCoLC)07196479
|
| 035 |
|
|
|9 AAH9760AM
|
| 039 |
0 |
|
|a 2
|b 3
|c 3
|d 3
|e 3
|
| 040 |
|
|
|a DLC
|c DLC
|d m.c.
|d TXA
|d UtOrBLW
|
| 049 |
|
|
|a TXAM
|c [1672204]
|
| 050 |
0 |
0 |
|a RC568.H4
|b R67
|
| 060 |
|
0 |
|a 362.2/93/088042
|
| 100 |
1 |
|
|a Rosenbaum, Marsha,
|d 1948-
|
| 245 |
1 |
0 |
|a Women on heroin /
|c Marsha Rosenbaum.
|
| 264 |
|
1 |
|a New Brunswick, N.J. :
|b Rutgers University Press,
|c [1981]
|
| 264 |
|
4 |
|c ©1981
|
| 300 |
|
|
|a x, 196 pages ;
|c 24 cm.
|
| 336 |
|
|
|a text
|b txt
|2 rdacontent
|
| 337 |
|
|
|a unmediated
|b n
|2 rdamedia
|
| 338 |
|
|
|a volume
|b nc
|2 rdacarrier
|
| 490 |
1 |
|
|a Crime, law, and deviance
|
| 500 |
|
|
|a Includes index.
|
| 504 |
|
|
|a Bibliography: pages 179-189.
|
| 650 |
|
0 |
|a Heroin abuse.
|
| 650 |
|
0 |
|a Women
|x Mental health.
|
| 650 |
|
2 |
|a Heroin Dependence.
|
| 650 |
|
2 |
|a Women.
|
| 830 |
|
0 |
|a Crime, law, and deviance series.
|
| 999 |
|
|
|a MARS
|
| 999 |
f |
f |
|s 0ec1ee9a-5b56-3291-8958-470f7d81b7eb
|i 6aa44bf2-ee1a-32eb-89a8-195541b7982f
|t 0
|
| 952 |
f |
f |
|p ric
|a Texas A&M University
|b Rellis Campus
|c Joint Library Facility
|d Remote Storage
|t 0
|e RC568.H4 R67
|h Library of Congress classification
|i unmediated -- volume
|m A14806230626
|
| 998 |
f |
f |
|a RC568.H4 R67
|t 0
|l Remote Storage
|